[Event "Nova Gorica op-B 14th"]
[Site "Nova Gorica"]
[Date "2009.02.05"]
[Round "6"]
[White "Cokan, Mirko"]
[Black "Stantic, Severino"]
[Result "0-1"]
[WhiteElo "1886"]
[BlackElo "1995"]
[PlyCount "28"]
[EventDate "2009.01.31"]
[EventType "swiss"]
[EventRounds "9"]
[EventCountry "SLO"]
[SourceTitle "EXT 2011"]
[Source "ChessBase"]
[SourceDate "2010.11.26"]
[SourceVersion "1"]
[SourceVersionDate "2010.11.26"]
[SourceQuality "1"]

1. e4 d6 2. d4 Nf6 3. Bd3 Nc6 4. c3 e6 5. Nf3 Be7 6. 0-0 0-0 7. Bg5 Nh5 8. Bxe7 Qxe7 9. Nbd2 Nf4 10. Bc2 Qf6 11. Re1 e5 12. Nf1 Bg4 13. Qd2 Bxf3 14. gxf3 Qg5+ 0-1

[Event "Trieste op 10th"]
[Site "Trieste"]
[Date "2008.09.06"]
[Round "8"]
[White "Vitri, Sergio"]
[Black "Stantic, Severino"]
[Result "1/2-1/2"]
[WhiteElo "2132"]
[BlackElo "2024"]
[PlyCount "70"]
[EventDate "2008.08.31"]
[EventType "swiss"]
[EventRounds "9"]
[EventCountry "ITA"]
[SourceTitle "CBM 126 Extra"]
[Source "ChessBase"]
[SourceDate "2008.11.05"]
[SourceVersion "1"]
[SourceVersionDate "2008.11.05"]
[SourceQuality "1"]

1. d4 d5 2. c4 e6 3. Nc3 Nf6 4. cxd5 Nxd5 5. e4 Nxc3 6. bxc3 Nd7 7. Nf3 Be7 8. Bd3 c5 9. 0-0 b6 10. Be3 cxd4 11. cxd4 Bb7 12. Rc1 Rc8 13. Qa4 a6 14. Rxc8 Qxc8 15. Rc1 Qa8 16. Ne5 b5 17. Bxb5 axb5 18. Qxa8+ Bxa8 19. Rc8+ Bd8 20. Rxa8 Nxe5 21. dxe5 0-0 22. Bc5 Be7 23. Rxf8+ Kxf8 24. Bd4 Ke8 25. Kf1 Kd7 26. Ke2 Kc6 27. f4 Ba3 28. Kd3 Bb4 29. Kc2 Be1 30. Bc3 Bf2 31. Kd3 Bc5 32. Bd4 Be7 33. Kc3 Bf8 34. Kb3 Be7 35. h3 Bd8 1/2-1/2

[Event "Nova Gorica op-B 13th"]
[Site "Nova Gorica"]
[Date "2008.01.28"]
[Round "5"]
[White "Fantini, Marco"]
[Black "Stantic, Severino"]
[Result "1-0"]
[WhiteElo "2061"]
[BlackElo "1986"]
[PlyCount "79"]
[EventDate "2008.01.26"]
[EventType "swiss"]
[EventRounds "9"]
[EventCountry "SLO"]
[SourceTitle "EXT 2010"]
[Source "ChessBase"]
[SourceDate "2010.11.25"]
[SourceVersion "1"]
[SourceVersionDate "2010.11.25"]
[SourceQuality "1"]

1. d4 Nf6 2. Nc3 d5 3. Bg5 Nbd7 4. Qd3 b6 5. e4 dxe4 6. Nxe4 Nxe4 7. Qxe4 Rb8 8. Nf3 h6 9. Qh4 g6 10. 0-0-0 Bg7 11. Bxe7 Qxe7 12. Re1 Ne5 13. Qxe7+ Kxe7 14. Nxe5 Bxe5 15. Rxe5+ Kd6 16. Bc4 f6 17. Re3 Bd7 18. Rhe1 Rbe8 19. Kd2 Rxe3 20. Rxe3 Rf8 21. f4 g5 22. fxg5 fxg5 23. Rf3 Rxf3 24. gxf3 Ke7 25. Bd5 Kf6 26. Be4 Be6 27. a3 Bc4 28. b3 Bf1 29. Ke3 h5 30. c4 c5 31. Bd3 Bg2 32. dxc5 bxc5 33. b4 Ke6 34. b5 Kd6 35. a4 a5 36. f4 g4 37. f5 Ke7 38. Kf4 Bb7 39. Be4 Bc8 40. Bd5 1-0

[Event "Nova Gorica op-B 13th"]
[Site "Nova Gorica"]
[Date "2008.01.27"]
[Round "3"]
[White "Skrinjar, Matic"]
[Black "Stantic, Severino"]
[Result "0-1"]
[WhiteElo "1809"]
[BlackElo "1986"]
[PlyCount "80"]
[EventDate "2008.01.26"]
[EventType "swiss"]
[EventRounds "9"]
[EventCountry "SLO"]
[SourceTitle "EXT 2010"]
[Source "ChessBase"]
[SourceDate "2010.11.25"]
[SourceVersion "1"]
[SourceVersionDate "2010.11.25"]
[SourceQuality "1"]

1. e4 e5 2. Nf3 Nf6 3. Nc3 Nc6 4. Bb5 Bd6 5. 0-0 0-0 6. d4 Nxd4 7. Nxd4 exd4 8. Qxd4 Qe7 9. Bg5 Bxh2+ 10. Kxh2 Ng4+ 11. Kg3 Qxg5 12. f4 Qg6 13. Bd3 Ne3+ 14. Kf2 Nxf1 15. Rxf1 Qb6 16. Qxb6 axb6 17. Rh1 d6 18. e5 h6 19. exd6 c6 20. f5 Rd8 21. f6 Rxd6 22. fxg7 Rf6+ 23. Kg3 Be6 24. Ne4 Rg6+ 25. Kf4 Ra5 26. b4 Rd5 27. Rh4 Kxg7 28. Kf3 Rd4 29. a3 f5 30. Ke3 c5 31. c3 Rxd3+ 32. Kxd3 fxe4+ 33. Kxe4 Rxg2 34. Ke5 Rg6 35. Kd6 Bh3+ 36. Kc7 Bg2 37. Rh2 Bf3 38. Rh3 Rf6 39. Rg3+ Kf7 40. Rh3 h5 0-1

[Event "Trieste op 08th"]
[Site "Trieste"]
[Date "2006.09.07"]
[Round "7"]
[White "Stantic, Severino"]
[Black "Decleva, Gianni"]
[Result "1-0"]
[WhiteElo "2051"]
[BlackElo "1895"]
[PlyCount "49"]
[EventDate "2006.09.02"]
[EventType "swiss"]
[EventRounds "9"]
[EventCountry "ITA"]
[SourceTitle "CBM 114 Extra"]
[Source "ChessBase"]
[SourceDate "2006.11.03"]
[SourceVersion "1"]
[SourceVersionDate "2006.11.03"]
[SourceQuality "1"]

1. c4 e5 2. Nc3 Nf6 3. g3 Nc6 4. Bg2 Bc5 5. Nf3 d5 6. Qa4 0-0 7. cxd5 Nxd5 8. 0-0 Nf6 9. d3 Bd7 10. Qb5 Qe7 11. Bg5 Bb6 12. Qa4 Qe6 13. Qh4 Ne8 14. h3 f6 15. Bd2 Nd6 16. Ne1 Nf5 17. Qg4 h5 18. Qa4 Nxg3 19. Bd5 Rad8 20. Bxe6+ Bxe6 21. Qh4 Nxf1 22. Kxf1 Rd4 23. Qxh5 Bf7 24. Qf3 Bd5 25. Nxd5 1-0

[Event "Trieste op 08th"]
[Site "Trieste"]
[Date "2006.09.06"]
[Round "6"]
[White "Omerzel, Nikola"]
[Black "Stantic, Severino"]
[Result "0-1"]
[WhiteElo "1789"]
[BlackElo "2051"]
[PlyCount "60"]
[EventDate "2006.09.02"]
[EventType "swiss"]
[EventRounds "9"]
[EventCountry "ITA"]
[SourceTitle "CBM 114 Extra"]
[Source "ChessBase"]
[SourceDate "2006.11.03"]
[SourceVersion "1"]
[SourceVersionDate "2006.11.03"]
[SourceQuality "1"]

1. e4 e5 2. Nf3 d6 3. Nc3 Nf6 4. d3 Be7 5. Be2 c6 6. 0-0 Nbd7 7. h3 Qc7 8. Nh2 d5 9. Ng4 Nxg4 10. Bxg4 Nf6 11. Bxc8 Rxc8 12. Bg5 Rd8 13. Bxf6 Bxf6 14. exd5 cxd5 15. Ne2 0-0 16. c3 Rd6 17. Ng3 Bd8 18. Qb3 Qd7 19. f4 Rg6 20. Rf3 Bh4 21. Ne2 Rb6 22. Qc2 exf4 23. Kh2 g5 24. g3 fxg3+ 25. Nxg3 Qc7 26. Raf1 Rg6 27. Qg2 g4 28. hxg4 Rxg4 29. Kh1 Bxg3 30. Rxg3 Qxg3 0-1

[Event "Trieste op 07th"]
[Site "Trieste"]
[Date "2005.09.05"]
[Round "4"]
[White "Loncar, Robert"]
[Black "Stantic, Severino"]
[Result "1-0"]
[WhiteElo "2390"]
[BlackElo "2064"]
[PlyCount "41"]
[EventDate "2005.09.04"]
[EventType "swiss"]
[EventRounds "9"]
[EventCountry "ITA"]
[SourceTitle "CBM 108 Extra"]
[Source "ChessBase"]
[SourceDate "2005.11.04"]
[SourceVersion "1"]
[SourceVersionDate "2005.11.04"]
[SourceQuality "1"]

1. d4 Nf6 2. c4 e6 3. Nf3 d5 4. Nc3 Be7 5. cxd5 exd5 6. Bg5 Nbd7 7. e3 0-0 8. Qc2 a6 9. Bd3 h6 10. Bh4 b6 11. 0-0 Bb7 12. Rad1 Re8 13. Ne5 Nf8 14. f4 N6d7 15. Bg3 Bd6 16. e4 dxe4 17. Bc4 Bxe5 18. fxe5 Ne6 19. d5 Nec5 20. b4 b5 21. bxc5 1-0

[Event "Portoroz op"]
[Site "Portoroz"]
[Date "2005.04.29"]
[Round "4"]
[White "Gruskovnjak, Tomislav"]
[Black "Stantic, Severino"]
[Result "1-0"]
[WhiteElo "2290"]
[BlackElo "2070"]
[PlyCount "65"]
[EventDate "2005.04.26"]
[EventType "swiss"]
[EventRounds "7"]
[EventCountry "SLO"]
[SourceTitle "EXT 2006"]
[Source "ChessBase"]
[SourceDate "2005.11.24"]
[SourceVersion "1"]
[SourceVersionDate "2005.11.24"]
[SourceQuality "1"]

1. e4 d6 2. d4 Nf6 3. Nc3 Nbd7 4. Nf3 e5 5. Bc4 h6 6. h3 Be7 7. Be3 c6 8. Bb3 b5 9. a3 a6 10. 0-0 Qc7 11. Nh4 Nf8 12. dxe5 dxe5 13. Qf3 g5 14. Nf5 Bxf5 15. exf5 N8d7 16. a4 b4 17. Ne4 Nxe4 18. Qxe4 Nf6 19. Qc4 Nd5 20. Rad1 Bd6 21. Bc5 0-0 22. Bxd6 Qxd6 23. Rd3 Qf6 24. Qe4 Nf4 25. Rd7 Rad8 26. Rfd1 Rxd7 27. Rxd7 a5 28. g3 Nh5 29. Rc7 Kg7 30. Qf3 Qd8 31. Qxc6 Nf6 32. Qb7 e4 33. Bxf7 1-0

[Event "Portoroz op"]
[Site "Portoroz"]
[Date "2005.04.26"]
[Round "2"]
[White "Crepan, Marjan"]
[Black "Stantic, Severino"]
[Result "1-0"]
[WhiteElo "2274"]
[BlackElo "2070"]
[PlyCount "30"]
[EventDate "2005.04.26"]
[EventType "swiss"]
[EventRounds "7"]
[EventCountry "SLO"]
[SourceTitle "EXT 2006"]
[Source "ChessBase"]
[SourceDate "2005.11.24"]
[SourceVersion "1"]
[SourceVersionDate "2005.11.24"]
[SourceQuality "1"]

1. e4 d6 2. d4 Nf6 3. Nc3 Nbd7 4. Nf3 e5 5. Bc4 Be7 6. 0-0 0-0 7. Re1 c6 8. a4 b6 9. Bg5 Qc7 10. h3 a6 11. Bh4 Rb8 12. Bg3 b5 13. axb5 axb5 14. Bb3 Bb7 15. Qe2 Nb6 1-0

[Event "Nova Gorica op-A 10th"]
[Site "Nova Gorica"]
[Date "2005.02.02"]
[Round "8"]
[White "Stantic, Severino"]
[Black "De Val, Daniele"]
[Result "0-1"]
[WhiteElo "2096"]
[BlackElo "2144"]
[PlyCount "60"]
[EventDate "2005.01.28"]
[EventType "swiss"]
[EventRounds "9"]
[EventCountry "SLO"]
[SourceTitle "CBM 104 Extra"]
[Source "ChessBase"]
[SourceDate "2005.03.01"]
[SourceVersion "1"]
[SourceVersionDate "2005.03.01"]
[SourceQuality "1"]

1. c4 f5 2. Nf3 Nf6 3. g3 g6 4. Bg2 Bg7 5. 0-0 0-0 6. Nc3 d6 7. d3 e5 8. e4 Nc6 9. Nh4 f4 10. Nf3 Nh5 11. Ne2 g5 12. h3 Bf6 13. Kh2 Ne7 14. b4 Ng6 15. Nfg1 Ng7 16. Bb2 h5 17. gxf4 exf4 18. Bxf6 Qxf6 19. d4 g4 20. f3 Qg5 21. Qb3 Nh4 22. fxg4 hxg4 23. hxg4 Nxg2 24. Kxg2 Bxg4 25. Rf3 Bxf3+ 26. Kxf3 Qh5+ 27. Kf2 Qh2+ 28. Kf1 f3 29. c5+ d5 30. Nxf3 Rxf3+ 0-1

[Event "Nova Gorica op-A 10th"]
[Site "Nova Gorica"]
[Date "2005.01.29"]
[Round "3"]
[White "Stantic, Severino"]
[Black "Jaracz, Barbara"]
[Result "0-1"]
[WhiteElo "2096"]
[BlackElo "2256"]
[PlyCount "110"]
[EventDate "2005.01.28"]
[EventType "swiss"]
[EventRounds "9"]
[EventCountry "SLO"]
[SourceTitle "CBM 104 Extra"]
[Source "ChessBase"]
[SourceDate "2005.03.01"]
[SourceVersion "1"]
[SourceVersionDate "2005.03.01"]
[SourceQuality "1"]

1. Nf3 Nf6 2. b3 c5 3. Bb2 Nc6 4. e3 e6 5. Bb5 Be7 6. 0-0 0-0 7. d4 cxd4 8. exd4 d6 9. Nbd2 Nb4 10. c3 Nbd5 11. Re1 Qc7 12. Qc2 b6 13. Rac1 Bb7 14. Qd1 Nf4 15. Bf1 Rac8 16. c4 Rfe8 17. g3 Ng6 18. Bh3 Rcd8 19. Qe2 Bf8 20. Ng5 Qc6 21. f3 d5 22. Qd3 Bb4 23. a3 Bxd2 24. Qxd2 h6 25. cxd5 Qxd5 26. Ne4 Nxe4 27. fxe4 Qxb3 28. Rc7 Re7 29. Rxe7 Nxe7 30. Re3 Qa2 31. Bf1 Nc6 32. Re2 Ba6 33. Rf2 Bxf1 34. Rxf1 Nxd4 35. Qf2 Nf3+ 36. Qxf3 Qxb2 37. Qxf7+ Kh8 38. Qxe6 Qxa3 39. Kg2 Qd6 40. Qf5 Re8 41. Qg4 Qe5 42. Re1 a5 43. Qd7 b5 44. Qc6 b4 45. Qc4 Rd8 46. Re2 Kh7 47. Qc2 Rb8 48. Qb3 Rc8 49. Qb1 Rb8 50. Qb3 Qb5 51. Rf2 a4 52. Qb1 Kh8 53. Rf5 Qc6 54. Kh3 b3 55. e5 b2 0-1

[Event "Trieste op-A 06th"]
[Site "Trieste"]
[Date "2004.09.09"]
[Round "6"]
[White "Stantic, Severino"]
[Black "Battisti, Eugenio"]
[Result "1-0"]
[WhiteElo "2100"]
[BlackElo "2000"]
[PlyCount "88"]
[EventDate "2004.09.04"]
[EventType "swiss"]
[EventRounds "9"]
[EventCountry "ITA"]
[SourceTitle "CBM 102 Extra"]
[Source "ChessBase"]
[SourceDate "2004.11.03"]
[SourceVersion "1"]
[SourceVersionDate "2004.11.03"]
[SourceQuality "1"]

1. c4 f5 2. b3 e5 3. Bb2 Nc6 4. g3 Nf6 5. Bg2 Bc5 6. e3 Qe7 7. a3 a5 8. Ne2 0-0 9. Nbc3 d6 10. Nd5 Nxd5 11. cxd5 Nb8 12. d4 Bb6 13. dxe5 dxe5 14. 0-0 Na6 15. Qd2 Re8 16. Rfc1 Nc5 17. Rc3 a4 18. Nc1 axb3 19. Nxb3 Na4 20. Rcc1 Nxb2 21. Qxb2 f4 22. exf4 exf4 23. Nd4 Qf6 24. Qb5 Bd7 25. Qxd7 Bxd4 26. Re1 Red8 27. Qe6+ Qxe6 28. dxe6 Bxa1 29. Rxa1 fxg3 30. hxg3 c6 31. Rb1 Ra7 32. Rb4 Rd1+ 33. Kh2 Re1 34. Bh3 b5 35. Rd4 g6 36. Bg4 Kg7 37. Rd7+ Kf6 38. Rxa7 h5 39. Rf7+ Kg5 40. Bh3 Re2 41. Kg1 Re1+ 42. Kg2 c5 43. e7 b4 44. axb4 cxb4 1-0

[Event "Trieste op-A 06th"]
[Site "Trieste"]
[Date "2004.09.06"]
[Round "3"]
[White "Pasquotto, Mirko"]
[Black "Stantic, Severino"]
[Result "0-1"]
[WhiteElo "1778"]
[BlackElo "2100"]
[PlyCount "86"]
[EventDate "2004.09.04"]
[EventType "swiss"]
[EventRounds "9"]
[EventCountry "ITA"]
[SourceTitle "CBM 102 Extra"]
[Source "ChessBase"]
[SourceDate "2004.11.03"]
[SourceVersion "1"]
[SourceVersionDate "2004.11.03"]
[SourceQuality "1"]

1. e4 d6 2. d4 Nf6 3. Nc3 g6 4. Nf3 Bg7 5. Be2 Bg4 6. Be3 Nc6 7. h3 Bxf3 8. Bxf3 0-0 9. Qd2 Nd7 10. 0-0 Nb6 11. b3 a6 12. Ne2 Nd7 13. c3 e6 14. Bg5 f6 15. Bh6 Qe7 16. h4 Nd8 17. Bxg7 Kxg7 18. h5 g5 19. Ng3 Nf7 20. d5 Nh6 21. Rae1 Ne5 22. Bd1 exd5 23. exd5 f5 24. f4 gxf4 25. Qxf4 Rf7 26. Bc2 Raf8 27. Ne2 c6 28. dxc6 bxc6 29. Nd4 Qf6 30. Re3 Kh8 31. Rfe1 Nhg4 32. Rg3 Qh4 33. Rd1 Qh2+ 34. Kf1 Qxh5 35. Rh3 Qg6 36. Nf3 Qf6 37. Rh5 Ng6 38. Qd2 Qe7 39. Re1 N6e5 40. Qd4 c5 41. Qd5 Nf6 42. Nxe5 dxe5 43. Qf3 Nxh5 0-1

[Event "Portoroz op"]
[Site "Portoroz"]
[Date "2004.04.24"]
[Round "2"]
[White "Stantic, Severino"]
[Black "Dragojlovic, Andjelko"]
[Result "0-1"]
[WhiteElo "2103"]
[BlackElo "2340"]
[PlyCount "100"]
[EventDate "2004.04.??"]
[EventType "swiss"]
[EventRounds "9"]
[EventCountry "SLO"]
[SourceTitle "CBM 100 Extra"]
[Source "ChessBase"]
[SourceDate "2004.07.06"]
[SourceVersion "2"]
[SourceVersionDate "2004.07.06"]
[SourceQuality "1"]

1. Nf3 g6 2. e4 c5 3. d4 cxd4 4. Nxd4 Nf6 5. Nc3 Nc6 6. Be3 Bg7 7. f3 0-0 8. Qd2 d5 9. exd5 Nxd5 10. Nxd5 Qxd5 11. Nxc6 Qxc6 12. c3 Be6 13. Be2 Rfd8 14. Qc1 Bc4 15. Qc2 b5 16. Kf2 a5 17. Rhd1 Rdc8 18. Rdc1 h5 19. Bd3 Bxd3 20. Qxd3 Rd8 21. Qe2 Rd6 22. Rd1 Re6 23. Qd2 a4 24. a3 Be5 25. g3 h4 26. Qd5 Qa6 27. f4 Bf6 28. Qf3 Rc8 29. Rd5 Rc4 30. Rad1 Rce4 31. R1d3 Kg7 32. g4 g5 33. fxg5 Be5 34. Rxe5 R6xe5 35. Bd4 Rxd4 36. Rxd4 Rxg5 37. Qe3 Qf6+ 38. Qf4 Rc5 39. Qxf6+ Kxf6 40. h3 Ke6 41. Kf3 Re5 42. Rd8 Rd5 43. Rb8 Rd3+ 44. Ke4 Rxh3 45. Rxb5 Rg3 46. Rb6+ Kd7 47. Kf4 Rg2 48. c4 h3 49. Rh6 h2 50. g5 Rxb2 0-1

[Event "Nova Gorica op-B 09th"]
[Site "Nova Gorica"]
[Date "2004.02.03"]
[Round "7"]
[White "Plaskan, Jure"]
[Black "Stantic, Severino"]
[Result "0-1"]
[WhiteElo "1995"]
[BlackElo "2116"]
[PlyCount "61"]
[EventDate "2004.01.30"]
[EventType "swiss"]
[EventRounds "9"]
[EventCountry "SLO"]
[SourceTitle "CBM 098 Extra"]
[Source "ChessBase"]
[SourceDate "2004.03.10"]
[SourceVersion "2"]
[SourceVersionDate "2004.03.10"]
[SourceQuality "1"]

1. e4 c5 2. Nf3 e6 3. d4 cxd4 4. Nxd4 a6 5. Bd3 b5 6. 0-0 Qb6 7. Nb3 Nc6 8. Be3 Qc7 9. N1d2 Nf6 10. f3 d5 11. Qe2 Bd6 12. f4 dxe4 13. Nxe4 Be7 14. Bc5 Nd5 15. Qf2 Ncb4 16. a3 Nxd3 17. cxd3 0-0 18. Rac1 Qd8 19. Nd4 Bb7 20. Rc2 Nf6 21. Ng5 Bxc5 22. Rxc5 Ng4 23. Ndxe6 fxe6 24. Qh4 Nh6 25. Re5 Qd4+ 26. Kh1 Qxd3 27. Rfe1 Qd2 28. Qh3 Qxf4 29. Qxe6+ Kh8 30. h3 Qg3 31. Rg1 0-1

[Event "Trieste op 5th"]
[Site "Trieste"]
[Date "2003.10.??"]
[Round "?"]
[White "Stantic, Severino"]
[Black "De Val, Daniele"]
[Result "0-1"]
[WhiteElo "2127"]
[BlackElo "2145"]
[PlyCount "54"]
[EventDate "2003.10.??"]
[EventType "swiss"]
[EventRounds "7"]
[EventCountry "ITA"]
[SourceTitle "EXT 2005"]
[Source "ChessBase"]
[SourceDate "2004.11.15"]
[SourceVersion "1"]
[SourceVersionDate "2004.11.15"]
[SourceQuality "1"]

1. c4 Nf6 2. Nc3 e6 3. e4 d5 4. e5 d4 5. exf6 dxc3 6. bxc3 Qxf6 7. Nf3 b6 8. Be2 Bd6 9. 0-0 0-0 10. d4 Bb7 11. Qc2 Nd7 12. Rd1 Rfe8 13. Ng5 Nf8 14. Bd3 Qh6 15. h3 Qh5 16. Rb1 Ng6 17. Be2 Qh4 18. c5 Bf4 19. Nf3 Qf6 20. cxb6 axb6 21. Ne1 Ra5 22. Rb5 Rea8 23. Rxa5 Rxa5 24. Be3 Rg5 25. Bf3 Bxf3 26. Nxf3 Bxe3 27. Nxg5 Bxg5 0-1

[Event "Trieste op 4th"]
[Site "Trieste"]
[Date "2002.11.03"]
[Round "7"]
[White "Stantic, Severino"]
[Black "Capaliku, Aleks"]
[Result "1-0"]
[WhiteElo "2122"]
[BlackElo "1786"]
[PlyCount "87"]
[EventDate "2002.10.26"]
[EventType "swiss"]
[EventRounds "7"]
[EventCountry "ITA"]
[SourceTitle "EXT 2005"]
[Source "ChessBase"]
[SourceDate "2004.11.15"]
[SourceVersion "1"]
[SourceVersionDate "2004.11.15"]
[SourceQuality "1"]

1. c4 f5 2. d4 Nf6 3. g3 e6 4. Bf4 Bb4+ 5. Bd2 Qe7 6. Bg2 0-0 7. Qb3 Bxd2+ 8. Nxd2 c6 9. c5 d5 10. cxd6 Qxd6 11. Ngf3 Na6 12. 0-0 Nd5 13. a3 Qe7 14. e4 fxe4 15. Nxe4 Nac7 16. Rae1 b6 17. Rc1 Bb7 18. Ne5 Nb5 19. Rfd1 Rac8 20. f4 Nd6 21. Qd3 g6 22. Nxd6 Qxd6 23. Bh3 Ne7 24. Rc2 Nf5 25. Bg2 Rfd8 26. Rcd2 Qe7 27. Qb3 Kg7 28. Qc3 Kg8 29. b4 Rd6 30. g4 Ng7 31. Be4 Qf6 32. Qf3 Qe7 33. b5 Rc7 34. Bxc6 Bxc6 35. Nxc6 Qf6 36. Ne5 Rd8 37. d5 g5 38. dxe6 Rxd2 39. Rxd2 Nxe6 40. Qd5 gxf4 41. Nf3 Kg7 42. Re2 Nc5 43. Re8 Qf7 44. Qe5+ 1-0

[Event "Trieste op 4th"]
[Site "Trieste"]
[Date "2002.11.01"]
[Round "5"]
[White "Stantic, Severino"]
[Black "De Val, Daniele"]
[Result "1-0"]
[WhiteElo "2122"]
[BlackElo "1969"]
[PlyCount "107"]
[EventDate "2002.10.26"]
[EventType "swiss"]
[EventRounds "7"]
[EventCountry "ITA"]
[SourceTitle "EXT 2005"]
[Source "ChessBase"]
[SourceDate "2004.11.15"]
[SourceVersion "1"]
[SourceVersionDate "2004.11.15"]
[SourceQuality "1"]

1. c4 Nf6 2. Nc3 Nc6 3. Nf3 e6 4. d4 Bb4 5. Bd2 d6 6. a3 Bxc3 7. Bxc3 Ne4 8. d5 Nxc3 9. bxc3 Ne5 10. Nxe5 dxe5 11. e4 0-0 12. Be2 exd5 13. cxd5 f5 14. exf5 Bxf5 15. Qd2 Be4 16. Bc4 Bxg2 17. Rg1 Bh3 18. 0-0-0 Qd6 19. Qe3 Qxa3+ 20. Kd2 Qb2+ 21. Ke1 Rf4 22. Be2 Qb6 23. Qxh3 Qxf2+ 24. Kd2 Re4 25. Qf3 Qh4 26. Rdf1 Rf4 27. Qg2 Qh6 28. Qg5 Qxg5 29. Rxg5 Re8 30. Ra1 a6 31. Rb1 b6 32. Bxa6 Rf2+ 33. Ke3 Rxh2 34. Rbg1 g6 35. Bd3 Rh3+ 36. R5g3 Rxg3+ 37. Rxg3 Kg7 38. Rg4 Kf6 39. Rc4 Re7 40. Rc6+ Kg5 41. Be4 Rg7 42. c4 h5 43. d6 cxd6 44. Rxd6 h4 45. Rxb6 h3 46. c5 h2 47. c6 Rh7 48. Rb1 Kf6 49. Rc1 Rc7 50. Rc2 Rh7 51. c7 Rh3+ 52. Ke2 h1Q 53. Bxh1 Rh2+ 54. Kd3 1-0